1492 1651 1460 1832 1007 1502 1433 1109 1116 1099 1133 1189 1314 1523 1609 1437 1469 1208 1483 1644 1884 1019 1072 1532 1190 1553 1278 1417 1394 1135 1615 1105 1661 1013 1354 1636 1804 1554 1783 1063 1718 1297 1359 1588 1654 1757 1295 1354 1175 1101 1024 1767 1392 1704 1408 1149 1383 1122 1161 1495 1433 1084 1113 1685 1806 1818 1524 1659 1907 1091 1129 1441 1687 1254 1273 1664 1000 1434 1187 1402 1905 1824 1806 1344 1846 1026 1677 1488 1030 1212 1491 1008 1624 1606 1561 1805 1228 1894 1111 BCNSPRNW ULIB Ver.6.0+V

เปลี่ยนเป็นภาษาไทย

Change to English
 แสดงรายละเอียดบรรณานุกรม
  กลับหน้าหลัก

Brief Record : Get Marc (ISO 2709) : E-mail record : QR code < ปิดหน้าต่าง
LEADER : 00000nam 2200000uu 4500
001    13399112974
003     ULIB
008    110920s2554||||th 000 0 tha d
020    9789743483165
060 04 WY32.JT3^bก118 2554
245 00 กฏหมายวิชาชีพการพยาบาลและจรรยาบรรณวิชาชีพพยาบาล =^bL&E NR(Laws and ethics nursing review) /^cโดย เพื่อนช่วยจำ
246 31 L&E NR (Laws and ethics nursing review)
260    [ม.ป.ท. :^bม.ป.พ.],^c2554
300    202 หน้า ;^c26 ซม.
650  4 การพยาบาล^xกฏหมายและระเบียบข้อบังคับ
650  4 การพยาบาล^xคำถามและคำตอบ
650  4 การพยาบาล^xข้อสอบและเฉลย
650  4 จรรยาบรรณพยาบาล
700 0  เพื่อนช่วยจำ
945    ^p199^l0^i18562
945    ^p199^l0^i18563
945    ^p199^l0^i18738
945    ^p199^l0^i18739
945    ^p199^l0^i19281
945    ^p199^l0^i19282
995     กัณชพร
999 ^a ใช้งานได้ทุกระบบ
รายการนี้ยังไม่มีแท็ก
คุณยังไม่ได้ล็อกอิน คุณสามารถมีกิจกรรมร่วมกับเว็บไซต์ได้ แต่ต้องล็อกอินก่อน ::
  ล็อกอิน

รายการสื่อสารสนเทศ

ลำดับที่ ประเภท เลขเรียก/บาร์โค้ด สถานที่ สถานะ
1. Book การพยาบาล
Book การพยาบาล
WY32.JT3 ก118 2554 ฉ.1 
  Barcode: 18562
ห้องสมุดวิทยาเขตนครสวรรค์
►ส่วนจัดเก็บหนังสือเก่า นว.
บนชั้น
  ขอยืม
2. Book การพยาบาล
Book การพยาบาล
WY32.JT3 ก118 2554 ฉ.2 
  Barcode: 18563
ห้องสมุดวิทยาเขตนครสวรรค์
►หนังสือทั่วไป:l:General Books
บนชั้น
3. Book การพยาบาล
Book การพยาบาล
WY32.JT3 ก118 2554 ฉ.3 
  Barcode: 18738
ห้องสมุดวิทยาเขตนครสวรรค์
►ส่วนจัดเก็บหนังสือเก่า นว.
บนชั้น
  ขอยืม
4. Book การพยาบาล
Book การพยาบาล
WY32.JT3 ก118 2554 ฉ.4 
  Barcode: 18739
ห้องสมุดวิทยาเขตนครสวรรค์
►ส่วนจัดเก็บหนังสือเก่า นว.
บนชั้น
  ขอยืม
5. Book การพยาบาล
Book การพยาบาล
WY32.JT3 ก118 2554 ฉ.5 
  Barcode: 19281
ห้องสมุดวิทยาเขตนครสวรรค์
►ส่วนจัดเก็บหนังสือเก่า นว.
บนชั้น
  ขอยืม
6. Book การพยาบาล
Book การพยาบาล
WY32.JT3 ก118 2554 ฉ.6 
  Barcode: 19282
ห้องสมุดวิทยาเขตนครสวรรค์
►ส่วนจัดเก็บหนังสือเก่า นว.
บนชั้น
  ขอยืม

รายการใกล้เคียง
    หัวเรื่อง [จรรยาบรรณพยาบาล]

BibComment


ยังไม่เคยถูกคอมเมนท์

คอมเมนท์ทรัพยากรรายการนี้
  คอมเมนท์: กฏหมายวิชาชีพการพ..


 Copyright 2026. Bcnsprnw @Library